000 00767pam a2200277 a 4500
999 _c10484
_d10484
001 1878238
003 OSt
005 20210224153428.0
008 830722s1983 tnuab b 001 0 eng
010 _a 83013409
020 _a0840752962 :
_c$14.95
040 _aDLC
_cDLC
_dDLC
050 0 0 _aBS651
_bW652G
082 0 0 _a231.7/65
_219
_bW652G
100 1 _aWiester, John L.
245 1 4 _aThe Genesis connection /
_cby John L. Wiester.
260 _aNashville :
_bT. Nelson,
_cc1983.
300 _a254 p. :
_bill., maps :
_c24 cm.
500 _aIncludes index.
504 _aBibliography: p. 243-246.
650 0 _aCreation.
650 0 _aCosmogony.
650 0 _aBible and science.
906 _a7
_bcbc
_corignew
_d1
_eocip
_f19
_gy-gencatlg
942 _2ddc
_cBK